| 000 | 01058nam a22002057a 4500 | ||
|---|---|---|---|
| 003 | BUBTL | ||
| 008 | 230913b ||||| |||| 00| 0 eng d | ||
| 041 | _aben | ||
| 082 | _a346.54015/ R817c/ 2007 | ||
| 100 |
_95461 _aরোজারিও, আলবাট টমাস |
||
| 245 |
_aখ্রীষ্টানদের জন্য ব্যবহারিক আইন পরিচিতি / _cআলবাট টমাস রোজারিও |
||
| 260 |
_aঢাকা : _bবাংলাদেশ কাথলিক বিশপ সম্মিলনীর ন্যায় ও শান্তি কমিশন ও কারিতাস বাংলাদেশ, _cc2007 |
||
| 300 |
_axvi, 447 p.: _bills. ; _c22 cm. |
||
| 505 | _aখ্রীষ্টানদের জন্য ব্যবহারিক আইন পরিচিতি, আলবাট টমাস রোজারিও, Law | ||
| 526 | _aLaw | ||
| 650 | 0 |
_926 _aLaw |
|
| 856 |
_k0 _l0 _yDownload |
||
| 942 |
_2ddc _cBK |
||
| 999 |
_c7089 _d7089 |
||